| 000 | 00444nam a2200181Ia 4500 | ||
|---|---|---|---|
| 001 | 12773 | ||
| 005 | 20260306163006.0 | ||
| 008 | 260306t2006||||xx |||||||||||||| ||spa|| | ||
| 041 | _aESP | ||
| 082 |
_aRD 261.8 _bD249 |
||
| 100 |
_aCrepaldi, Giampaolo _eAUT |
||
| 245 | 0 | _aDizionario di dottrina sociale della chiesa | |
| 260 | _c2006 | ||
| 300 |
_a837 páginas : _c21 cm. |
||
| 650 | _aGEN | ||
| 654 | _aCHU | ||
| 942 |
_cLIB _dJUS _fJUS _2ddc _n |
||
| 999 |
_c12773 _d12773 |
||